Mnohým ľuďom sa dnes žije materiálne lepšie. Ale aká je sociálna, morálna a kultúrna cena za to, o tom sa už nehovorí, myslí si Škvrnda
Saved in:
| Main Author: | |
|---|---|
| Other Authors: | |
| Format: | Book Chapter |
| Language: | Slovak |
| Subjects: | |
| Tags: |
No Tags, Be the first to tag this record!
|
MARC
| LEADER | 00000nla a2200000 4500 | ||
|---|---|---|---|
| 001 | 0247836 | ||
| 005 | 20240502073950.9 | ||
| 041 | 0 | |a slo | |
| 044 | |a SK | ||
| 245 | 1 | 0 | |a Mnohým ľuďom sa dnes žije materiálne lepšie. Ale aká je sociálna, morálna a kultúrna cena za to, o tom sa už nehovorí, myslí si Škvrnda |c Tomáš Pilz, František Škvrnda |
| 610 | 2 | 0 | |a spolupráca hospodárska medzinárodná |
| 610 | 2 | 0 | |a integrácia |
| 610 | 2 | 0 | |a Európska únia |
| 610 | 2 | 0 | |a neoliberalizmus |
| 100 | 1 | |a Pilz, Tomáš | |
| 700 | 1 | |a Škvrnda, František | |